| 000 | 00548nam a2200205Ia 4500 | ||
|---|---|---|---|
| 001 | 15371 | ||
| 003 | GE_BSU | ||
| 008 | 181216s||||||||xx |||||||||||||| ||und|| | ||
| 040 | _cGE_BSU | ||
| 080 | _a821.353.1-32 | ||
| 100 | _aქუჩიშვილი,გიორგი | ||
| 245 | _aპროზა | ||
| 245 | _cპ/მგ რედ.კ.ბობოხიძე | ||
| 260 | _aთბილისი | ||
| 260 | _bსახელგამი | ||
| 260 | _c1941 | ||
| 300 | _a227გვ.15სმ. | ||
| 653 | _aპროზა | ||
| 942 | _cBK | ||
| 999 |
_c48477 _d48477 |
||